Nacimientos bajo control: el parto en las edades Moderna y Contemporánea

Bewaard in:
Bibliografische gegevens
Hoofdauteurs: García Galán, Sonia (Auteur), Medina Quintana, Silvia (Auteur), Suárez Suárez, Carmen (Auteur)
Formaat: Boek
Taal:Spaans
Gepubliceerd in: Gijón Trea 2014
Editie:1a. ed
Reeks:Piedras Angulares
Onderwerpen:
Tags: Voeg label toe
Geen labels, Wees de eerste die dit record labelt!

MARC

LEADER 00000cam a2200000 a 4500
001 UCE5832
003 CL-VaPUC
008 150312e20140000sp |||||||||||||||||spa|d
020 |a 9788497047685 
082 0 4 |a 304.63  |b GAR  |2 21 
100 0 |a García Galán, Sonia  |e author  |9 578495 
700 0 |a Medina Quintana, Silvia  |e author  |9 578496 
700 0 |a Suárez Suárez, Carmen  |e author  |9 578497 
245 1 0 |a Nacimientos bajo control: el parto en las edades Moderna y Contemporánea 
250 |a 1a. ed 
300 |a 190 p 
942 |c BK 
945 |d 20150312 12:37:00  |a cmena 
260 |a Gijón  |b Trea  |c 2014 
650 7 |a PARTO  |2 CL-VaPUC  |9 310888 
650 0 |a Atención médica  |9 337119 
650 0 |a Costumbres y tradiciones   |9 268292 
650 7 |a PARTERAS  |2 CL-VaPUC  |9 578498 
650 0 |a Feminismo  |9 259085 
583 |a last modification  |c 20150312 12:37:00  |k Rodrigo Vera 
490 0 |a Piedras Angulares 
999 |c 358405  |d 358403